000 00957 a2200253 4500
020 _a3540425519
040 _aDLC
_bDLC
082 _a621.63
100 1 _aTaferner, Manfred.
245 1 0 _aWireless Internet access over GSM and UMTS
_cManfred Taferner, Ernst Bonek.
260 _aBerlin ;
_aNew York :
_bSpringer,
_c2002.
300 _aix, 267 p. :
_bill. ;
_c25 cm.
440 0 _aSignals and communication technology
500 _aBased on the doctoral thesis of Manfred Taferner.
650 0 _aWireless Internet.
650 0 _aComputer network protocols.
650 0 _aInternet.
650 0 _aGlobal system for mobile communications.
650 0 _aWireless communication systems.
700 1 _aBonek, Ernst.
856 4 2 _3Publisher description
_uhttp://www.loc.gov/catdir/enhancements/fy0817/2002283611-d.html
856 4 2 _3Table of contents only
_uhttp://www.loc.gov/catdir/enhancements/fy0817/2002283611-t.html
942 _cBK
_k621.63 TAF
_2ddc
999 _c8428
_d8428